Development failure and identity politics in Uttar Pradesh / (Record no. 89308)
[ view plain ]
| 000 -LEADER | |
|---|---|
| fixed length control field | 02035nam a22002537a 4500 |
| 005 - DATE AND TIME OF LATEST TRANSACTION | |
| control field | 20141015124813.0 |
| 010 ## - LCCN (DPL NO) | |
| LC control number | ENG-111079 |
| 020 ## - INTERNATIONAL STANDARD BOOK NUMBER | |
| International Standard Book Number | 9788132116639 |
| Terms of availability | 995.00 |
| 035 ## - SYSTEM CONTROL NUMBER | |
| System control number | EN-94611 |
| 037 ## - SOURCE OF ACQUISITION | |
| Source of stock number/acquisition | DBAD/PUB |
| 082 ## - DEWEY DECIMAL CLASSIFICATION NUMBER | |
| Classification number | 323.1542 |
| 245 ## - TITLE STATEMENT | |
| Title | Development failure and identity politics in Uttar Pradesh / |
| Statement of responsibility, etc | edited by Roger Jeffery, Craig Jeffrey [and] Jens Lerche |
| 260 ## - PUBLICATION, DISTRIBUTION, ETC. (IMPRINT) | |
| Place of publication, distribution, etc | New Delhi |
| Name of publisher, distributor, etc | SAGE Publications |
| Date of publication, distribution, etc | 2014 |
| 270 ## - ADDRESS | |
| Address | B1/I-1 Mohan Cooperative Industrial Area |
| City | New Delhi |
| Postal code | 110044 |
| 300 ## - PHYSICAL DESCRIPTION | |
| Extent | xiii,270p. |
| Dimensions | 23cm(Hb) |
| 500 ## - GENERAL NOTE | |
| General note | Includes bibliographical references and index. |
| 505 ## - FORMATTED CONTENTS NOTE | |
| Formatted contents note | Preface -- Introduction: democratisation in Uttar Pradesh / Craig Jeffrey -- Rural transformation and occupational diversification in western Uttar Pradesh : economic and demographic changes in a village / Satendra Kumar -- Underserved and overdosed? : Muslims and the pulse polio initiative in rural north India / Patricia Jeffery -- The elusive pursuit of social justice for dalits in Uttar Pradesh / Ali Mehdi -- Agency in words, self-representation in action : connecting and disconnecting dalit and low-caste women with India’s history of gender and politics / Manuela Ciotti -- Political cooperation and distrust : identity politics and Yadav Muslim relations, 1999-2009 / Lucia Michelutti and Oliver Heath -- On whose behalf? : women’s activism and identity politics in Uttar Pradesh / Radhika Govinda -- The politics of identity and the people left behind : the Mallah community of Uttar Pradesh / Assa Doron -- Working narratives of intercommunity harmony in Varanasi’s : silk sari industry / Philippa williams -- Democracy and development in Uttar Pradesh / Zoya Hasan -- Glossary -- About the editors and contributors -- Index. |
| 650 ## - SUBJECT ADDED ENTRY--TOPICAL TERM | |
| Topical term or geographic name as entry element | Infrastructure (Economics) |
| Geographic subdivision | India |
| -- | Uttar Pradesh |
| 650 ## - SUBJECT ADDED ENTRY--TOPICAL TERM | |
| Topical term or geographic name as entry element | Women |
| Geographic subdivision | India |
| -- | Uttar Pradesh |
| General subdivision | Social conditions. |
| 700 ## - ADDED ENTRY--PERSONAL NAME | |
| Personal name | Jeffery, Roger |
| 700 ## - ADDED ENTRY--PERSONAL NAME | |
| Personal name | Jeffery, Craig |
| 700 ## - ADDED ENTRY--PERSONAL NAME | |
| Personal name | Lerche,Jens |
| 942 ## - ADDED ENTRY ELEMENTS (KOHA) | |
| Source of classification or shelving scheme | Dewey Decimal Classification |
| Item type | English Books |
| Classification part | 323.1542 |
| Call number suffix | DEV |
| Withdrawn status | Lost status | Not for loan | Collection code | Home library | Current library | Date acquired | Source of acquisition | Cost, normal purchase price | Full call number | Barcode | Copy number | Cost, replacement price | Koha item type |
|---|---|---|---|---|---|---|---|---|---|---|---|---|---|
| Not For Loan | Non-fiction | D.B.Act.Division | D.B.Act.Division | 15/10/2014 | DBAD/PUB | 995.00 | 323.1542 DEV | EN-94611 | 1 | 995.00 | English Books |
